Cerita varaanggan (Tamil)
| Format: | Book |
|---|---|
| Published: |
Chennai :
Penerbitan Institute Of Asian Studies ,
1996
|
| Subjects: |
MARC
| LEADER | 00000cam a2200000 7i4500 | ||
|---|---|---|---|
| 001 | 0000022145 | ||
| 005 | 20080908.0 | ||
| 008 | 080725 | ||
| 020 | |a 11102009 | ||
| 090 | 0 | 0 | |a 294.33 |b CER |
| 245 | 1 | 0 | |a Cerita varaanggan (Tamil) |
| 260 | |a Chennai : |b Penerbitan Institute Of Asian Studies , |c 1996 | ||
| 650 | 0 | |a Religious |x Buddhism | |
| 999 | |a 0001032590 |b Book |c Tamil Collection |e Perbadanan Perpustakaan Awam Johor | ||
| 999 | |a 0001032591 |b Book |c Tamil Collection |e Perbadanan Perpustakaan Awam Johor | ||
| 999 | |a 0001032592 |b Book |c Tamil Collection |e Cawangan Mersing | ||